Historia de la literatura española (Registro nro. 78234)

Detalles MARC
000 -ENCABEZADO
Número de control [NR] 00932nam a2200241Ia 4500
005 - FECHA Y HORA DE LA ÚLTIMA TRANSACCIÓN
control field 20211112080639.0
008 - DE LONGITUD FIJA DE DATOS DE ELEMENTOS - INFORMACIÓN GENERAL
Elementos de longitud fija [NR] 130821s1958 ag abc gr spa
040 ## - FUENTE DE CATALOGACION [NR]
Agencia de catalogación original [NR] CO-BoUCM
Idioma de catalogación [NR] spa
Quien Cataloga Jose A. Gerena (modificó)
Quien Clasifica [Nuevo]
041 00 - CODIGO DE IDIOMA [R]
Código de idioma para texto/pista de sonido o título separado [R] Español
100 1# - ASIENTO PRINCIPAL--NOMBRE PERSONAL [NR]
Nombre personal [NR] Díaz-Plaja, Guillermo
Fechas asociadas con el nombre [NR] 1909-1984
ID Autoridad 32992
245 10 - MENCION DE TITULO [NR]
Título [NR] Historia de la literatura española
Mención de responsabilidad, etc. [NR] Guillermo Díaz Plaja
Parte restante del título [NR] a través de la crítica y de los textos
246 04 - FORMA VARIANTE DEL TITULO [R]
Título propiamente dicho/forma breve del título [NR] Historia de la literatura española
Parte restante del título [NR] siglos XII-XX
250 ## - MENCION DE EDICION [NR]
Mención de edición [NR] 4a ed
260 ## - PUBLICACION, DISTRIBUCION, ETC. (PIE DE IMPRENTA) [R]
Lugar de publicación, distribución, etc. [R] Buenos Aires (Argentina)
Nombre del editor, distribuidor, etc. [R] Ciordia
Fecha de publicación, distribución, etc. [R] 1958
300 ## - DESCRIPCION FISICA [R]
Extensión [R] 602 páginas
Otros detalles físicos [NR] ilustraciones, mapas, retratos
500 ## - NOTA GENERAL [R]
Nota general [NR] Donación UCM-C-ARRAYANES
650 #7 - ASIENTO SECUNDARIO DE MATERIA - TERMINO TEMATICO [R]
Término temático o nombre geográfico como elemento de entrada [NR] Crítica literaria
Subdivisión geográfica [R] España
9 (RLIN) 12204
650 #7 - ASIENTO SECUNDARIO DE MATERIA - TERMINO TEMATICO [R]
Término temático o nombre geográfico como elemento de entrada [NR] Literatura española
Subdivisión general [R] Historia
9 (RLIN) 44681
650 #7 - ASIENTO SECUNDARIO DE MATERIA - TERMINO TEMATICO [R]
Término temático o nombre geográfico como elemento de entrada [NR] Literatura europea
9 (RLIN) 26524
690 #0 - ASUNTO AGREGADO LOCAL DE ENTRADA - TÉRMINO TEMÁTICO (OCLC, RLIN)
Acceso temático local Literatura europea
9 (RLIN) 26524
942 ## - ELEMENTOS DE ENTRADA AGREGADOS (KOHA)
Tipo de ítem principal el descrito en 300a Libro
Tema principal Literatura
Edición 4
Parte restante de la signatura top. D542h
Sistema de clasificación DEWEY
Clasificación 860.9
Existencias
Fecha de último préstamo Signatura topográfica Código de barras Última vez visto Volúmen / Fascículo Ejemplar Price effective from Tipo de ítem Perdido Sistema de clasificación Dañado No prestable Tipo de ítem específico Suprimido Ubicación habitual Ubicación actual Localización Fecha de creación Forma de adquisición Costo
13/01/2012 860.9 D542h 100118793 09/12/2025 4a.Ed. Ej.1 03/02/2013 Libro   DEWEY     Libro   Claustro Claustro 2do piso 28/02/2013 Donación 26000.00